| 000 | 00773nam a2200253Ia 4500 | ||
|---|---|---|---|
| 003 | OSt | ||
| 005 | 20220918171941.0 | ||
| 006 | a|||||r|||| 00| 0 | ||
| 007 | ta | ||
| 008 | 220917b |||||||| |||| 00| 0 eng d | ||
| 020 |
_a9788189963064 (hbk) _c450 |
||
| 024 | _a260,186 | ||
| 037 |
_b215/2011-12, 27/03/2012, Pioneer Book Distributors _cTextual |
||
| 040 |
_aARTS _cARTS _beng |
||
| 041 |
_2eng _aeng |
||
| 082 | _aR, P9 | ||
| 100 |
_aDaya Krishna _939501 |
||
| 245 | 0 | _aNature of philosophy | |
| 260 |
_aNew Delhi _bIndian Council of Philosophical Research India _c2009 |
||
| 300 |
_axxii, 338p. _ccm. |
||
| 650 | _aPHILOSOPHY | ||
| 942 |
_hR, P9 _cTEXL _2CC |
||
| 999 |
_c141997 _d141997 |
||